[Event "6th Cattolica Open 2019"]
[Site "Cattolica"]
[Date "2019.06.10"]
[Round "3.3"]
[White "Fedorchuk, Sergey A."]
[Black "Sonis, Francesco"]
[Result "1/2-1/2"]
[WhiteElo "2631"]
[BlackElo "2494"]
[Annotator "TA"]
[PlyCount "327"]
[EventDate "2019.06.08"]
[EventType "swiss"]
[EventCountry "ITA"]
[SourceTitle "playchess.com"]
[Source "ChessBase"]
[SourceQuality "1"]

{[%evp 9,327,31,29,13,0,14,29,0,2,-10,0,-14,-7,-1,5,-6,16,0,0,0,0,-27,-29,-73,-73,-64,-63,-166,-150,-143,-141,-147,-137,-145,-147,-154,-166,-231,-169,-247,-244,-265,-265,-300,-295,-279,-270,-267,-276,-266,-272,-361,-345,-388,-220,-527,-522,-645,-635,-748,-747,-1141,-1141,-863,-492,-450,-365,-345,-342,-242,-287,-503,-504,-743,-744,-719,-387,-633,0,-720,-682,-808,-831,-715,-608,-585,0,-662,0,-587,-550,-863,-816,-839,-790,-852,-828,-797,-782,-853,-838,-623,-500,-622,-565,-610,-572,-579,-564,-1164,-948,-1285,-1246,-1104,-718,-5089,-2382,-1988,-2071,-29977,-29976,-29973,-29972,-29964,-2534,-11513,-29974,-29974,-29975,-29975,-29976,-29976,-29977,-29976,-29978,-29978,-29979,-29979,-29980,-29980,-29981,-29981,-29981,-29983,-29984,-29984,-29984,-29985,-29986,-29986,-29987,-29987,-29987,-29989,-29990,-29991,-29992,-29992,-29988,-29988,-29989,-29989,-29990,-29990,0,-29988,-29988,-29988,-29989,-29989,0,-29988,0,-29988,-29989,-29989,-29984,-29985,-29986,-29988,-29988,-29988,-29989,-29989,-29988,-29992,-29993,-29993,-71,-71,-71,-71,-71,-71,-66,-71,-71,-71,-71,-64,-8,-8,-8,-8,0,-8,-8,-8,0,0,0,0,0,0,0,0,0,0,0,0,0,0,0,-8,0,0,0,-8,0,0,0,-8,0,0,0,0,0,0,0,0,0,0,0,0,0,0,0,0,0,0,0,0,0,0,0,0,0,0,0,0,0,0,0,0,0,0,0,0,0,0,0,-8,0,0,0,0,0,0,0,0,0,0,0,0,0,-8,-8,-8,0,0,0,0,0,0,0,0,0,-8,0,-8,0,0,0,0,0,0,0,0,0,0,0,0,0,0,0,0,0,0,0,0]} 1. e4 c5 2. Nf3 d6 3. d4 cxd4 4. Nxd4 Nf6 5. Nc3 a6 6. h4 {B90: Sicilian Najdorf: Unusual White 6th moves, 6 Be3 Ng4 and 6 Be3 e5} e5 7. Nb3 Be6 8. Bg5 {White has an edge.} Nbd7 9. Qd2 h6 $146 ({Predecessor:} 9... Rc8 10. O-O-O Be7 11. Kb1 b5 12. f3 O-O 13. g4 b4 {1-0 (26) Caruana,F (2811)-Andriasian,Z (2585) chess.com INT 2018}) 10. Be3 Ng4 11. O-O-O Rc8 12. Kb1 Qc7 13. Be2 Nxe3 14. Qxe3 b5 15. Rd2 h5 16. g3 g6 17. f4 Bh6 18. Bxb5 (18. a3 $15) 18... axb5 $19 19. Nxb5 Qb8 $1 {[%cal Rb8b5]} 20. Nxd6+ Ke7 21. Nxc8+ Rxc8 22. Rf2 Nf6 {Hoping for ...Ng4.} 23. Qf3 (23. Rf3 $142) 23... Qb4 24. fxe5 {[#]} (24. a3 $142 Qxe4 25. fxe5 Qxf3 26. Rxf3) 24... Ng4 $1 ({Less strong is} 24... Nxe4 25. Re2 $17) 25. Rff1 Bg7 26. Qd1 Bxe5 {Threatens to win with ...Ne3.} 27. Rf3 Qxe4 28. Re1 Qa8 29. a3 Kf8 30. Nc1 Kg8 31. Nd3 Bg7 (31... Rd8 $142 32. Rff1 Qc8) 32. Nb4 $2 (32. Rxe6 fxe6 33. Nf4) 32... Ne5 33. Rf4 Nc4 34. Rxe6 {[#]} Nxa3+ $1 {[%mdl 512]} 35. bxa3 Qxa3 {[%csl Gg7][%cal Ra3b2]} 36. Rd4 fxe6 37. Qd3 Ra8 {[%csl Ga8][%cal Ra3a1]} 38. Rd8+ Kh7 {[%csl Gg7][%cal Ra3b2]} 39. Qxa3 Rxa3 {[%csl Gg7][%cal Ra3a1][%mdl 4096] Endgame KRB-KRN} 40. Na2 $2 (40. c3) 40... Rxg3 41. c4 Rb3+ 42. Kc1 Ra3 43. Kb1 $2 (43. Nb4) 43... Rb3+ 44. Kc1 Rh3 45. Kc2 Rxh4 46. Kd3 Rh3+ 47. Ke4 Rh4+ 48. Kd3 Rh3+ 49. Ke4 Ra3 50. Rd2 g5 51. Rc2 Ra4 52. Nc1 Kg6 53. Nd3 h4 54. Nc5 Ra5 55. Nd3 Kf7 56. c5 Ra4+ 57. Ke3 {If White can now play c6 this consolidates a bit.} Ke7 58. c6 Kd8 59. Rd2 {Black must now prevent Nc5+.} Bd4+ 60. Kf3 {[#]} g4+ $1 61. Kg2 (61. Kxg4 Be3+) 61... Kc7 62. Re2 Ra3 63. Nf4 e5 64. Ng6 h3+ 65. Kh2 Kxc6 66. Ne7+ Kc5 67. Nf5 Rf3 68. Nh6 Be3 69. Nxg4 Bf4+ 70. Kg1 Rg3+ {[%mdl 64] Double Attack} 71. Kh1 Rxg4 72. Rxe5+ {KRB-KR} Kd4 73. Re4+ Kd3 74. Ra4 Rh4 75. Rb4 Ke3 76. Ra4 Kf3 77. Ra3+ Kg4 78. Ra1 Rh8 79. Rg1+ Bg3 80. Ra1 Rb8 81. Rc1 Rb2 82. Ra1 Re2 83. Rb1 Bf4 84. Rg1+ Kh4 {[%csl Gf4][%cal Re2h2]} 85. Rb1 Kg3 86. Rg1+ Kh4 {[%csl Gf4][%cal Re2h2]} 87. Rb1 $1 Rh2+ 88. Kg1 Ra2 89. Kh1 Rh2+ 90. Kg1 Re2 91. Kh1 Rd2 92. Rf1 Rh2+ 93. Kg1 Bg3 94. Rb1 Re2 95. Rb4+ Kg5 {[%cal Re2e1]} 96. Rb1 Bf2+ 97. Kh1 Kg4 98. Rb4+ Kg3 $2 (98... Kf3 {mates} 99. Rb3+ Be3 100. Rb4 Re1+ 101. Kh2 Bf4+ 102. Rxf4+ Kxf4 103. Kxh3 Re2 104. Kh4 Rh2#) 99. Re4 $17 Be3 {[%csl Gg3][%cal Re2h2]} 100. Rg4+ Kf3 101. Rg3+ Kf4 {Strongly threatening ...Bf2.} 102. Rf3+ {[#]} Ke4 $1 103. Rxh3 Re1+ 104. Kh2 Kf4 (104... Rc1 $15 105. Kg2 Rg1+ 106. Kh2 Rg7 107. Kh1 Bf4 108. Rb3 Be3 109. Rb2 Rg1+ 110. Kh2 Kf3 111. Kh3 Rg8 112. Rb4 Rg7 113. Rc4 Rg8 114. Rb4 Rg1 115. Rb2 Rg8 116. Rb4) 105. Rg3 $11 {The position is equal.} Bf2 106. Rg8 Be3 107. Rf8+ Kg4 {And now ...Bf4+ would win.} 108. Rg8+ Bg5 (108... Kf3 {seems wilder.} 109. Rg3+ Kf2 110. Rg2+ Kf1 111. Ra2 Re2+) 109. Kg2 Re2+ 110. Kf1 Rc2 111. Ke1 Ra2 112. Kd1 Kf5 113. Re8 Rd2+ 114. Ke1 Rh2 115. Kd1 Bf4 (115... Bc1 {with more complications.} 116. Rf8+ Kg4 117. Rg8+ Bg5 118. Rc8 Kf3) 116. Re2 Rh8 117. Kc2 Be5 118. Kd3 Rd8+ 119. Kc2 Ke6 120. Rd2 Bd4 121. Rh2 Kd5 122. Kd3 Rc8 123. Rh5+ Be5 124. Rh7 Rc3+ 125. Kd2 Rb3 126. Rh4 Bd4 127. Rh7 Kc4 128. Rc7+ Bc5 129. Ke2 Kd5 130. Rh7 Re3+ 131. Kd2 Kc4 132. Rc7 Rf3 133. Rc8 Rf2+ 134. Ke1 Ra2 135. Kf1 Kd4 136. Rc7 Rc2 137. Rb7 Ke4 138. Rc7 Rf2+ 139. Ke1 Bd4 {aiming for ...Kd3.} 140. Rd7 Ra2 141. Kf1 Be3 (141... Ra1+ {keeps more tension.} 142. Ke2 Ra7 143. Rd8 Ra2+ 144. Kf1 Rf2+) 142. Rh7 Ra1+ (142... Bc1 {seems wilder.} 143. Rh3 Be3 144. Rh7) 143. Ke2 Ra2+ 144. Kf1 Kf4 145. Rf7+ Kg4 146. Ke1 $1 Bf4 147. Rh7 Kf3 {[%cal Ra2a1]} 148. Rh3+ Ke4 149. Kf1 Be3 150. Rh4+ Kd3 (150... Kf5 {looks sharper.} 151. Rh3 Bf4 152. Rh8 Kg6 153. Rg8+) 151. Rh3 Rf2+ (151... Rb2 {is more complex.} 152. Rh4 Rc2 153. Ke1) 152. Kg1 $1 Ke4 153. Rh2 Ra2+ 154. Kh1 Ra1+ 155. Kg2 Rg1+ 156. Kh3 Kf3 157. Ra2 Rg3+ 158. Kh4 Rg4+ 159. Kh5 Rg5+ 160. Kh4 Rf5 161. Ra3 Rc5 {( -> ...Rc1)} 162. Rb3 Rc4+ 163. Kh3 Rc1 {[%cal Rc1h1]} 164. Rb2 {Accuracy: White = 49%, Black = 68%.} 1/2-1/2

[Event "6th Cattolica Open 2019"]
[Site "Cattolica"]
[Date "2019.06.10"]
[Round "3.4"]
[White "Arjun Kalyan"]
[Black "Vovk, Yuri"]
[Result "1-0"]
[WhiteElo "2484"]
[BlackElo "2586"]
[Annotator "TA"]
[PlyCount "83"]
[EventDate "2019.06.08"]
[EventType "swiss"]
[EventCountry "ITA"]
[SourceTitle "playchess.com"]
[Source "ChessBase"]
[SourceQuality "1"]

{[%evp 14,83,55,48,47,55,50,45,39,34,39,29,37,26,30,48,28,25,31,35,73,62,74,52,112,54,64,44,37,25,48,17,65,52,58,51,113,118,105,111,150,128,126,122,131,116,175,160,185,189,276,276,269,293,369,366,467,467,467,388,467,467,455,451,432,418,1374,1211,1602,1379,1213,1040]} 1. e4 c5 2. Nf3 e6 3. d4 cxd4 4. Nxd4 a6 5. Bd3 ({Predecessor:} 5. Nc3 Qc7 6. Bd3 Bc5 7. Nb3 Be7 8. Qg4 g6 9. Qe2 d6 10. O-O {1-0 (41) Reppmann,D (2590)-Rohde,W (2591) ICCF email 2009}) 5... Bc5 6. Nb3 Be7 7. Qg4 g6 8. Qe2 d6 {B42: Sicilian: Kan Variation: 5 Bd3} 9. O-O Nd7 $146 (9... Nc6 10. Nc3 b5 11. a4 b4 12. Na2 Bb7 13. a5 Nf6 14. Bh6 Qc7 15. Rfc1 Rg8 16. c3 bxc3 17. Nxc3 {0-1 (36) Erenburg,S (2589)-Caruana,F (2828) chess.com INT 2019}) 10. Nc3 Qc7 {White is slightly better.} 11. Bd2 Ngf6 12. Bh6 Bf8 13. Bxf8 Kxf8 14. f4 Kg7 15. Rae1 Rd8 16. e5 Ne8 17. Qf3 Nc5 18. Nxc5 dxc5 (18... Qxc5+ $14 19. Kh1 Bd7) 19. Be4 (19. b3 $16) 19... Rb8 $14 20. Rd1 Bd7 21. Qe3 b6 22. Rd2 Bc6 23. Rfd1 $36 {[%mdl 2048] Black must now prevent Rxd8. White is more active.} Rxd2 24. Qxd2 b5 ({Better is} 24... Bxe4 $14 25. Nxe4 Qc6) 25. Bxc6 $16 Qxc6 26. Qd7 Rc8 27. Qxc6 Rxc6 {[%mdl 4096] Endgame KRN-KRN} 28. Ne4 Kf8 29. Rd7 h6 (29... c4 $16) 30. Kf2 c4 31. Ke3 Rc7 {[#]} (31... h5 {might work better.} 32. Kf3 Rc7) 32. Rxc7 $1 $18 Nxc7 {[#] KN-KN} 33. Nf6 $1 b4 34. Kd4 c3 35. b3 Nb5+ 36. Kc4 Na3+ 37. Kxb4 Nxc2+ 38. Kxc3 Ne3 39. g3 Nf1 (39... g5 $142 40. fxg5 hxg5) 40. Kb4 {White is clearly winning.} Nxh2 41. Ka5 Nf1 42. Ne4 {Accuracy: White = 72%, Black = 46%.} 1-0

[Event "6th Cattolica Open 2019"]
[Site "Cattolica"]
[Date "2019.06.10"]
[Round "3.5"]
[White "Romanishin, Oleg M"]
[Black "Basso, Pier Luigi"]
[Result "0-1"]
[WhiteElo "2451"]
[BlackElo "2539"]
[Annotator "TA"]
[PlyCount "114"]
[EventDate "2019.06.08"]
[EventType "swiss"]
[EventCountry "ITA"]
[SourceTitle "playchess.com"]
[Source "ChessBase"]
[SourceQuality "1"]

{[%evp 9,114,0,1,0,0,1,3,0,0,0,0,-12,-8,-10,-9,-6,-4,-10,0,-16,-16,-4,-10,-9,-8,-17,-6,-7,-3,-6,-2,-3,0,-2,0,0,0,0,0,0,0,0,10,0,0,0,0,0,0,0,0,0,0,0,0,-99,-92,-111,-99,-99,-173,-316,-294,-706,-639,-585,-301,-128,-2,-2,-2,-2,-2,-8,-3,-15,0,0,0,0,0,0,0,0,0,0,0,0,0,0,0,0,0,0,0,0,0,-29982,-29983,-29983,-29984,-29984,-29985,-29985,0,-29986,-29987]} 1. d4 d5 2. Nf3 ({Predecessor:} 2. c4 c6 3. Nf3 {1-0 (52) Matlakov,M (2603)-Ter Sahakyan,S (2525) Martuni 2010}) 2... Nf6 3. c4 c6 4. Nc3 e6 5. g3 dxc4 6. Ne5 $146 {E01: Catalan: Early deviations} (6. Bg2 b5 7. O-O Bb7 8. Ne5 a6 9. a4 Qc8 10. e4 Nbd7 11. f4 Be7 12. f5 exf5 13. Rxf5 b4 14. Nxd7 Nxd7 15. Nb1 O-O 16. a5 {0-1 (34) Piorun,K (2631)-Duda,J (2731) Poland 2018}) 6... Nbd7 7. Nxc4 b5 8. Nd2 {The position is equal.} Bb7 9. Bg2 Qb6 10. O-O c5 11. dxc5 Nxc5 12. Bxb7 Qxb7 13. Nb3 b4 14. Nxc5 Bxc5 15. Na4 $132 {[%mdl 2048] White is not keeping still} Be7 16. Be3 O-O 17. Nc5 Bxc5 (17... Qb5 {is more complex.} 18. Qd3 Qc6 19. Rac1 a5 20. Nb3 Qd5) 18. Bxc5 Rfc8 19. Qd4 Qb5 20. Rac1 a5 21. Qc4 Qb7 22. Qd3 Rd8 23. Qe3 Rd5 24. Rfd1 h6 25. Rxd5 Qxd5 26. Bd4 Qxa2 27. Bxf6 gxf6 $11 {[%mdl 4096] Endgame KQR-KQR} 28. Qf3 Qd5 29. Qxf6 a4 30. Qxh6 a3 31. bxa3 $1 bxa3 32. e4 (32. Qf6 $11 {remains equal.}) 32... Qxe4 33. Qg5+ Qg6 34. Qxg6+ fxg6 $17 {KR-KR} 35. h4 (35. Kg2 $142) 35... Kf7 $19 ({Weaker is} 35... a2 36. Ra1 $17) 36. Kf1 $2 (36. f4) 36... Kf6 37. Ke2 Ke5 38. Kd3 a2 (38... Kf5 $1 $17 39. Ra1 a2) 39. Ra1 $11 Ra3+ 40. Kc4 $1 Ke4 41. Kb4 Ra7 42. Kb3 Kf3 {Threatens to win with ...e5.} (42... Kd3 {keeps more tension.} 43. Rxa2 Rb7+ 44. Ka4 e5 45. g4 Ke4) 43. Rxa2 Rxa2 44. Kxa2 {K3P-KPP} e5 {White must now prevent ...e4.} 45. Kb3 e4 (45... Kxf2 $5 46. g4 $8 e4 $11) 46. g4 $1 Kxg4 {KPP-KPP} (46... Kxf2 $5 47. h5 $8 gxh5 48. gxh5 e3 $11) 47. Kc4 Kf3 48. Kd4 Kxf2 49. Kxe4 {KP-KP} Kg3 50. Ke3 Kxh4 {KP-K} (50... Kh3 $5 51. h5 $8 gxh5 $11) 51. Kf3 g5 {( -> ...Kh3)} 52. Kg2 Kg4 (52... g4 $5) 53. Kh2 $2 {[%mdl 8192] [#]} (53. Kf2 $11) 53... Kf3 $1 54. Kh3 {[#]} g4+ $1 55. Kh2 Kf2 56. Kh1 Kg3 57. Kg1 Kh3 {Accuracy: White = 65%, Black = 74%.} 0-1

[Event "6th Cattolica Open 2019"]
[Site "Cattolica"]
[Date "2019.06.10"]
[Round "3.6"]
[White "Eugene, Floryan"]
[Black "Epishin, Vladimir"]
[Result "1/2-1/2"]
[WhiteElo "2304"]
[BlackElo "2564"]
[Annotator "TA"]
[PlyCount "62"]
[EventDate "2019.06.08"]
[EventType "swiss"]
[EventCountry "ITA"]
[SourceTitle "playchess.com"]
[Source "ChessBase"]
[SourceQuality "1"]

{[%evp 9,62,31,66,64,78,58,69,58,72,50,73,73,77,68,85,76,85,71,85,52,97,79,92,94,85,65,102,60,134,135,134,91,89,40,224,56,72,25,31,-1,0,-5,0,0,0,-14,-15,-17,-14,-14,-18,-17,0,0,0]} 1. e4 d5 2. exd5 Qxd5 3. Nc3 Qd6 4. d4 Nf6 5. Nf3 g6 (5... c6 6. h3 g6 7. Bc4 Be6 8. Bb3 Bxb3 9. axb3 Qe6+ 10. Ne5 Nbd7 11. O-O Nxe5 12. dxe5 Qxe5 13. Re1 Qf5 {1-0 (24) Dominguez Perez,L (2752)-Andreikin,D (2759) Hengshui 2019}) 6. Nb5 {B01: Scandinavian Defence} Qd8 7. Bf4 Na6 8. c4 {White is slightly better.} Bg7 9. Be2 O-O 10. O-O Ne4 11. Re1 $146 ({Predecessor:} 11. Be5 c6 12. Bxg7 Kxg7 13. Nc3 Nxc3 14. bxc3 {1-0 (47) Pancevski,F (2442)-Milanovic,D (2516) Obrenovac 2011}) 11... c6 12. Nc3 Nxc3 13. bxc3 {[%cal Bb2c3,Bc3d4,Bd4d5][%mdl 32]} c5 14. Qb3 cxd4 15. cxd4 Nc7 16. Rad1 Ne6 17. Be3 Qc7 18. Ng5 Nd8 (18... Nxg5 $14 19. Bxg5 Rd8) 19. d5 b6 20. Bf3 {Strongly threatening d6.} Nb7 21. Bd4 Bh6 $2 {[#]} (21... Nd6 $1 $14) 22. Be5 $2 ({Only move:} 22. d6 $1 $18 {[%cal Rd6c7][%mdl 512]} Qxd6 {[#]} (22... Nxd6 23. Bxa8) 23. Bg7 $1 {[%mdl 512]} Qxd1 24. Qxd1 Kxg7 25. Qd4+ Kg8 26. Qh4 Bxg5 27. Qxg5) 22... Nd6 $14 23. Ne4 Bf5 24. Qb4 {[%cal Re4d6]} (24. h4 {with more complications.} Rac8 25. h5 Bxe4 26. Rxe4 Qc5 27. hxg6 fxg6 28. Bd4) 24... Bxe4 {The position is equal.} 25. Rxe4 Qc5 26. Qxc5 bxc5 27. Bxd6 exd6 28. Rb1 Rfb8 29. Rb5 a6 30. Rb3 Rb4 31. Rxb4 cxb4 {Accuracy: White = 46%, Black = 58%.} 1/2-1/2

[Event "6th Cattolica Open 2019"]
[Site "Cattolica"]
[Date "2019.06.10"]
[Round "3.7"]
[White "Martinez Alcantara, Jose Eduardo"]
[Black "Low, Zhen Yu Cyrus"]
[Result "1-0"]
[WhiteElo "2583"]
[BlackElo "2443"]
[Annotator "TA"]
[PlyCount "87"]
[EventDate "2019.06.08"]
[EventType "swiss"]
[EventCountry "ITA"]
[SourceTitle "playchess.com"]
[Source "ChessBase"]
[SourceQuality "1"]

{[%evp 15,87,6,10,0,16,13,23,19,26,22,22,17,14,12,17,17,15,12,33,23,26,0,34,0,83,85,77,67,89,85,87,79,90,88,91,89,91,81,233,231,231,229,234,235,312,313,296,298,349,347,374,358,324,345,495,493,778,777,760,764,668,350,697,751,657,616,945,927,29980,29981,29981,29982,29985,29986]} 1. Nf3 Nf6 2. c4 g6 3. Nc3 d5 4. cxd5 Nxd5 5. e4 Nxc3 6. dxc3 Qxd1+ 7. Kxd1 f6 8. Kc2 e5 9. Be3 {A16: English Opening: 1...Nf6 with ...d5} Be6 (9... Nd7 10. Nd2 a5 11. a4 Bc5 12. Nc4 Ke7 13. f3 Bxe3 14. Nxe3 Nb6 15. Nc4 Nxc4 16. Bxc4 h5 {½-½ (26) Lenic,L (2651)-Volokitin,A (2678) Austria 2014}) 10. Nd2 Nd7 11. Bc4 {White has an edge.} Bxc4 12. Nxc4 Bc5 13. h4 h5 14. b4 (14. Rhd1 {with more complications.} Bxe3 15. Nxe3 c6 16. Nc4 Ke7 17. Na5) 14... Bxe3 15. Nxe3 c6 16. Nc4 $146 ({Predecessor:} 16. Rhd1 Ke7 {½-½ (38) Krivoshey,S (2484)-Bykhovsky,A (2383) playchess.com INT 2006}) 16... Ke7 17. Na5 Rab8 18. g3 Rhd8 19. f4 f5 (19... c5 $11 {remains equal.}) 20. Rae1 Kf6 21. Rhf1 Re8 22. Rd1 Nb6 23. Rd6+ Re6 24. fxe5+ Kxe5 25. Rd4 Kf6 26. Nb3 Rf8 $2 {[#]} (26... Re5 $16) 27. Nc5 $18 Re7 28. Rd6+ Kf7 {Black wants to play ...Nc4.} 29. exf5 Nc4 30. fxg6+ Kg7 31. Re6 Ne3+ 32. Kb3 Nxf1 33. Rxe7+ Kxg6 34. Rxb7 Nxg3 (34... Rf7 {is a better defense.} 35. Nd7 Kf5 36. Rxa7 Nd2+ 37. Kc2 Nc4) 35. Rxa7 {[%mdl 4096] Endgame KRN-KRN} Nf5 (35... Rc8 $142 36. Re7 Kf6) 36. Rc7 Nxh4 37. Rxc6+ Kf5 38. Ne6 Rf7 $2 {[#]} (38... Rg8 39. Nd4+ Kg4) 39. b5 {[%cal Bb4b5,Bb5b6][%mdl 32]} Ng6 40. b6 h4 {If Black can now play ...h3 this consolidates a bit.} 41. Nd8 h3 42. Nxf7 {White mates.} h2 43. Rc5+ Kg4 44. Rg5+ {[%mdl 64] Double Attack. Accuracy: White = 79%, Black = 41%.} 1-0

[Event "6th Cattolica Open 2019"]
[Site "Cattolica"]
[Date "2019.06.10"]
[Round "3.8"]
[White "Kharitonov, Alexandr"]
[Black "Can, Isik"]
[Result "1-0"]
[WhiteElo "2547"]
[BlackElo "2379"]
[Annotator "TA"]
[PlyCount "51"]
[EventDate "2019.06.08"]
[EventType "swiss"]
[EventCountry "ITA"]
[SourceTitle "playchess.com"]
[Source "ChessBase"]
[SourceQuality "1"]

{[%evp 11,84,0,9,12,14,15,12,12,16,8,12,12,10,15,28,21,20,12,11,0,0,2,6,9,13,0,0,0,12,0,0,0,0,0,27,31,30,35,30,33,20,-46,-41,-33,-50,-94,-92,-122,-108,-125,-124,-122,-116,-124,-106,-134,-125,-293,-306,-406,-447,-409,-435,-418,-410,-390,-152,-145,-120,-124,0,-29994,77,80,29999]} 1. d4 d5 2. c4 c6 3. Nf3 Nf6 4. e3 Bg4 5. cxd5 cxd5 6. Nc3 Nc6 7. Qb3 {D13: Slav Defence: Exchange variation without ...Bf5} Rb8 8. Ne5 {Threatening e4!} Bd7 9. f4 {The position is equal.} (9. Bd3 {keeps more tension.} e6 10. Qd1 Bd6 11. f4 O-O 12. a3) 9... e6 10. Bd3 Bd6 $146 ({Predecessor:} 10... Be7 11. O-O O-O 12. Qd1 Nxe5 13. fxe5 Ne8 14. Bd2 b5 {1-0 (31) Buhmann,R (2574)-Can,I (2379) Villorba 2019}) 11. O-O O-O 12. Bd2 Nb4 13. Be2 Nc6 14. Rac1 Na5 15. Qd1 b5 16. b3 Be8 17. Bd3 b4 18. Na4 Bxa4 19. bxa4 Ne4 20. Bxe4 dxe4 21. Nc6 Nxc6 22. Rxc6 f5 23. Qb3 Qe7 24. Rfc1 h6 25. Be1 Rfd8 26. Qc4 {Played: Be1-h4} 1-0

[Event "6th Cattolica Open 2019"]
[Site "Cattolica"]
[Date "2019.06.10"]
[Round "3.9"]
[White "Anand Nadar"]
[Black "Yankelevich, Lev"]
[Result "1/2-1/2"]
[WhiteElo "2366"]
[BlackElo "2484"]
[Annotator "ChessBase"]
[PlyCount "72"]
[EventDate "2019.06.08"]
[EventType "swiss"]
[EventCountry "ITA"]
[SourceTitle "playchess.com"]
[Source "ChessBase"]
[SourceQuality "1"]
[TimeControl "40/5400+30:900+30"]

1. e4 {[%emt 0:00:00]} e5 {[%emt 0:00:13]} 2. Nf3 {[%emt 0:00:00]} Nc6 {[%emt 0:00:04]} 3. Bb5 {[%emt 0:00:00]} a6 {[%emt 0:00:05]} 4. Ba4 {[%emt 0:00:00]} Nf6 {[%emt 0:00:13]} 5. O-O {[%emt 0:00:02]} Be7 {[%emt 0:00:06]} 6. Re1 {[%emt 0:00:07]} b5 {[%emt 0:00:03]} 7. Bb3 {[%emt 0:00:05]} d6 {[%emt 0:00:03]} 8. c3 {[%emt 0:00:07]} O-O {[%emt 0:00:06]} 9. h3 {[%emt 0:00:03]} Nb8 {[%emt 0:00:03]} 10. d4 {[%emt 0:01:08]} Nbd7 {[%emt 0:00:05]} 11. c4 {[%emt 0:02:47]} c6 {[%emt 0:00:45]} 12. a3 {[%emt 0:00:04]} Qc7 {[%emt 0:10:52]} 13. Nc3 {[%emt 0:03:14]} Bb7 {[%emt 0:11:18]} 14. Qc2 {[%emt 0:07:05]} Rac8 {[%emt 0:02:53]} 15. Ba2 {[%emt 0:19:35]} h6 {[%emt 0:11:53]} 16. Be3 {[%emt 0:05:25]} Rfe8 {[%emt 0:01:08]} 17. Qb3 {[%emt 0:08:05]} exd4 {[%emt 0:08:41]} 18. Bxd4 {[%emt 0:03:26]} c5 {[%emt 0:11:26]} 19. Bxf6 {[%emt 0:14:59]} Bxf6 {[%emt 0:00:55]} 20. cxb5 {[%emt 0:13:28]} c4 {[%emt 0:00:08]} 21. Qc2 {[%emt 0:00:04]} Bxc3 {[%emt 0:00:28]} 22. b6 {[%emt 0:00:35]} Qxb6 {[%emt 0:08:39]} 23. bxc3 {[%emt 0:00:05]} Nc5 {[%emt 0:06:08]} 24. Bxc4 {[%emt 0:06:28]} Bxe4 {[%emt 0:01:00]} 25. Qa2 {[%emt 0:00:23]} Qb7 {[%emt 0:00:57]} 26. Re3 {[%emt 0:01:24]} d5 {[%emt 0:00:42]} 27. Bf1 {[%emt 0:00:40]} Re6 {[%emt 0:02:26]} 28. c4 {[%emt 0:03:44]} Rb6 {[%emt 0:08:47]} 29. cxd5 {[%emt 0:01:08]} Rb2 {[%emt 0:01:26]} 30. Qc4 {[%emt 0:00:01]} Bxd5 {[%emt 0:00:05]} 31. Qh4 {[%emt 0:02:41]} Ne6 {[%emt 0:04:10]} 32. Rae1 {[%emt 0:01:58]} Bxf3 {[%emt 0:01:40]} 33. Rxf3 {[%emt 0:00:12]} Rb1 {[%emt 0:00:01]} 34. Rxb1 {[%emt 0:02:55]} Qxb1 {[%emt 0:00:06]} 35. Qe7 {[%emt 0:00:01]} Ng5 {[%emt 0:00:45]} 36. Re3 {[%emt 0:00:40]} Rc1 {[%emt 0:06:10]} 1/2-1/2

[Event "6th Cattolica Open 2019"]
[Site "Cattolica"]
[Date "2019.06.10"]
[Round "3.10"]
[White "Repka, Christopher"]
[Black "Souhardo Basak"]
[Result "1-0"]
[WhiteElo "2482"]
[BlackElo "2104"]
[Annotator "ChessBase"]
[PlyCount "91"]
[EventDate "2019.06.08"]
[EventType "swiss"]
[EventCountry "ITA"]
[SourceTitle "playchess.com"]
[Source "ChessBase"]
[SourceQuality "1"]
[TimeControl "40/5400+30:900+30"]

1. d4 {[%emt 0:06:28]} Nf6 {[%emt 0:00:00]} 2. Bf4 {[%emt 0:00:12]} d5 {[%emt 0:00:22]} 3. e3 {[%emt 0:00:07]} c5 {[%emt 0:00:30]} 4. c3 {[%emt 0:00:04]} Nc6 {[%emt 0:00:05]} 5. Nd2 {[%emt 0:00:04]} e6 {[%emt 0:01:26]} 6. Nh3 {[%emt 0:00:06]} Bd6 {[%emt 0:00:21]} 7. Bxd6 {[%emt 0:00:04]} Qxd6 {[%emt 0:00:06]} 8. f4 {[%emt 0:00:03]} O-O {[%emt 0:04:02]} 9. Bd3 {[%emt 0:02:53]} Nd7 {[%emt 0:06:55]} 10. O-O {[%emt 0:26:22]} g6 {[%emt 0:04:51]} 11. Nf3 {[%emt 0:07:54]} c4 {[%emt 0:03:26]} 12. Be2 {[%emt 0:01:52]} f5 {[%emt 0:00:40]} 13. b3 {[%emt 0:00:13]} b5 {[%emt 0:01:41]} 14. a4 {[%emt 0:00:04]} Na5 {[%emt 0:02:03]} 15. Nd2 {[%emt 0:00:07]} bxa4 {[%emt 0:04:26]} 16. bxc4 {[%emt 0:04:23]} Nxc4 {[%emt 0:00:07]} 17. Nxc4 {[%emt 0:05:34]} dxc4 {[%emt 0:00:02]} 18. Bxc4 {[%emt 0:00:26]} Nb6 {[%emt 0:00:16]} 19. Be2 {[%emt 0:00:46]} Qc7 {[%emt 0:12:32]} 20. c4 {[%emt 0:02:15]} Bb7 {[%emt 0:02:06]} 21. Ng5 {[%emt 0:00:03]} Rfe8 {[%emt 0:02:45]} 22. Qe1 {[%emt 0:05:40]} a5 {[%emt 0:08:20]} 23. Qh4 {[%emt 0:00:39]} Re7 {[%emt 0:01:06]} 24. Rfb1 {[%emt 0:01:39]} Ba6 {[%emt 0:03:23]} 25. Nf3 {[%emt 0:00:40]} Ree8 {[%emt 0:03:46]} 26. Ne5 {[%emt 0:00:16]} Nd7 {[%emt 0:00:23]} 27. Rxa4 {[%emt 0:01:54]} Nxe5 {[%emt 0:00:32]} 28. fxe5 {[%emt 0:00:03]} Reb8 {[%emt 0:00:25]} 29. Rba1 {[%emt 0:02:22]} Bc8 {[%emt 0:00:33]} 30. Bf3 {[%emt 0:00:42]} Ra7 {[%emt 0:00:42]} 31. c5 {[%emt 0:03:38]} Bd7 {[%emt 0:00:53]} 32. c6 {[%emt 0:00:09]} Be8 {[%emt 0:07:44]} 33. Qf6 {[%emt 0:00:04]} Bf7 {[%emt 0:00:05]} 34. d5 {[%emt 0:01:44]} exd5 {[%emt 0:01:01]} 35. e6 {[%emt 0:00:04]} Be8 {[%emt 0:00:15]} 36. Bxd5 {[%emt 0:00:10]} h5 {[%emt 0:01:26]} 37. Rc1 {[%emt 0:07:32]} Qg7 {[%emt 0:01:39]} 38. e7+ {[%emt 0:07:35]} Kh7 {[%emt 0:00:06]} 39. c7 {[%emt 0:06:56]} Rc8 {[%emt 0:00:24]} 40. Qf8 {[%emt 0:00:00]} Qh8 {[%emt 0:00:00]} 41. Qxh8+ {[%emt 0:02:54]} Kxh8 {[%emt 0:10:50]} 42. Rac4 {[%emt 0:00:06]} Bd7 {[%emt 0:00:22]} 43. Bf7 {[%emt 0:00:05]} Kg7 {[%emt 0:00:05]} 44. e8=B {[%emt 0:00:06]} Bxe8 {[%emt 0:00:36]} 45. Bxe8 {[%emt 0:00:04]} Rxe8 {[%emt 0:00:13]} 46. c8=Q {[%emt 0:00:46]} 1-0